000 00831nam a2200217Ii 4500
003 JO-AjNU
008 230605s9999||||xx |||||||||||||| ||und||
017 _a2008/9/3428
040 _aJO-AjNU
_bara
_erda
_cJO-AjNU
041 _aara
050 1 4 _aKMM342.5.A99.2009
100 3 _aتاليف العزام، أمجد حسن، م.مشارك عمر جوابره الملكاوي,
_eauthor
_950957
245 0 0 _aالتشريعات السياحية والفندقية
250 _aذ
264 3 1 _aعمان : مؤسسة الوراق ، 2009
300 _a191ص
336 _atext
_btxt
_2rdacontent
337 _aunmediated
_bn
_2rdamedia
338 _avolume
_bnc
_2rdacarrier
650 4 _aالسياحة -- قوانين وتشريعات -- الأردن -- الفنادق -- قوانين وتشريعات -- الأردن
_950958
999 _aA22479
_c26047
_d26047